000 01350cam a2200289 i 4500
003 SA-RiAUC
005 20251120124724.0
008 251005s1983 le g 00100cara c
040 _aSA-JeALM
_bara
_cSA-RiAUC
_erda
082 0 4 _a928.1
090 _a928.1
_bا ب ن خ
100 1 _aابن خاقان، الفتح بن محمد بن عبيد الله،
_d480-528 هجري
_eمؤلف.
245 1 0 _aمطمح الأنفس ومسرح التأنس في ملح أهل الأندلس /
_cتأليف أبي نصر الفتح بن محمد بن عبيد الله بن خاقان ؛ دراسة وتحقيق محمدعلي شوابكة.
250 _aالطبعة الأولى.
264 1 _aعمان، الأردن :
_bدار عمار،
_bمؤسسة الرسالة.
_c1983
300 _a464 صفحة ؛
_c24 سم
336 _aنص
_btxt
_2rdacontent
_3كتاب
337 _aبدون وسيط
_bn
_2rdamedia
338 _aمجلد
_bnc
_2rdacarrier
650 7 _aالأدب العربي
_zالأندلس
_2aucsh
650 7 _aالأدب العربي
_zالأندلس
_yالمرابطون، 1086-1146
_2aucsh
650 7 _aالأدباء الأندلسيون
_vتراجم
_2aucsh
651 7 _aالأندلس
_vتراجم
_2aucsh
700 1 _aشوابكة، محمد علي
_eمحقق.
942 _2ddc
_cBOOK
_n0
949 _aSA-JeALM
_d251005
_uosman123
_n1
999 _c13371
_d13371